Michelangelo, con quaranta tavole fuori testo. (Record no. 1865)

MARC details
000 -LEADER
fixed length control field 00906cam a22002651 4500
001 - CONTROL NUMBER
control field af 47002762
003 - CONTROL NUMBER IDENTIFIER
control field DLC
005 - DATE AND TIME OF LATEST TRANSACTION
control field 20260227110816.0
008 - FIXED-LENGTH DATA ELEMENTS--GENERAL INFORMATION
fixed length control field 850124s1945 it ef b 000 0 ita c
010 ## - LIBRARY OF CONGRESS CONTROL NUMBER
LC control number af 47002762
035 ## - SYSTEM CONTROL NUMBER
System control number (OCoLC)11616025
040 ## - CATALOGING SOURCE
Original cataloging agency Art Institute of Chicago. Ryerson Library
Transcribing agency CLU
Modifying agency DLC
042 ## - AUTHENTICATION CODE
Authentication code premarc
050 00 - LIBRARY OF CONGRESS CALL NUMBER
Classification number N6923.B9
Item number M35 1945
082 ## - DEWEY DECIMAL CLASSIFICATION NUMBER
Classification number 704.91
100 1# - MAIN ENTRY--PERSONAL NAME
Personal name Mariani, Valerio,
Dates associated with a name 1899-
245 10 - TITLE STATEMENT
Title Michelangelo, con quaranta tavole fuori testo.
260 ## - PUBLICATION, DISTRIBUTION, ETC.
Place of publication, distribution, etc. [Torino]
Name of publisher, distributor, etc. Unione tipografico-editrice torinese,
Date of publication, distribution, etc. 1945.
300 ## - PHYSICAL DESCRIPTION
Extent 2 p. l., 7-313 p.
Other physical details XL pl. (incl. plan) on 20 l.
Dimensions 22 cm.
490 1# - SERIES STATEMENT
Series statement I Grandi italiani, collana di biografie,
Volume/sequential designation v. 13
500 ## - GENERAL NOTE
General note "Ristampa corretta della prima edizione 1942."
504 ## - BIBLIOGRAPHY, ETC. NOTE
Bibliography, etc. note "Nota bibliografica": p. 309-310.
600 00 - SUBJECT ADDED ENTRY--PERSONAL NAME
Personal name Michelangelo Buonarroti,
Dates associated with a name 1475-1564.
830 #0 - SERIES ADDED ENTRY--UNIFORM TITLE
Uniform title Grandi italiani ;
Volume/sequential designation v. 13.

No items available.

Powered by Koha